ბათუმის შოთა რუსთაველის სახელმწიფო უნივერსიტეტის ბიბლიოთეკა

Отопление, вентиляция, кондиционирование воздуха. (ბიბ.ჩანაწერი № 46954)

000 -LEADER
fixed length control field 00721nam a2200217Ia 4500
001 - CONTROL NUMBER
control field 13808
003 - CONTROL NUMBER IDENTIFIER
control field GE_BSU
008 - FIXED-LENGTH DATA ELEMENTS--GENERAL INFORMATION
fixed length control field 181216s||||||||xx |||||||||||||| ||und||
040 ## - CATALOGING SOURCE
Transcribing agency GE_BSU
080 ## - UNIVERSAL DECIMAL CLASSIFICATION NUMBER
Universal Decimal Classification number 628.8(035.5)
245 ## - TITLE STATEMENT
Title Отопление, вентиляция, кондиционирование воздуха.
245 ## - TITLE STATEMENT
Remainder of title Справочное руководство.
245 ## - TITLE STATEMENT
Statement of responsibility, etc. Под общей ред. И.Г.Староверова.
260 ## - PUBLICATION, DISTRIBUTION, ETC.
Place of publication, distribution, etc. М.
260 ## - PUBLICATION, DISTRIBUTION, ETC.
Name of publisher, distributor, etc. Госстройиздат.
260 ## - PUBLICATION, DISTRIBUTION, ETC.
Date of publication, distribution, etc. 1963.
300 ## - PHYSICAL DESCRIPTION
Extent 340 стр. 30 см.
300 ## - PHYSICAL DESCRIPTION
Accompanying material чертеж.
653 ## - INDEX TERM--UNCONTROLLED
Uncontrolled term Отопление, вентиляция, кондиционирование воздуха.
942 ## - ADDED ENTRY ELEMENTS (KOHA)
Koha item type წიგნი
ეგზემპლარები
Withdrawn status Lost status Damaged status Not for loan Date acquired Barcode Date last seen Price effective from Koha item type
        2018-12-17 12282 2018-12-17 2018-12-17 წიგნი
        2018-12-17 12283 2018-12-17 2018-12-17 წიგნი